| 000 | 00000nam##2200000za#4500 |
| 001 | 9.652820 |
| 003 | CaOODSP |
| 005 | 20200401080443 |
| 007 | ta |
| 008 | 150407|2015||||xxc||||| f|0| 0 eng|d |
| 020 | |a978-1-100-25428-9 |
| 040 | |aCaOODSP|beng |
| 043 | |an-cn--- |
| 086 | 1 |aEn106-133/2015E |
| 110 | 1 |aCanada. |bCanadian Environmental Assessment Agency. |
| 245 | 10|aRainy River Project environmental assessment report |
| 260 | |aOttawa - Ontario : |bCanadian Environmental Assessment Agency |cc2015. |
| 300 | |axvii, 213p. : |bfigs., maps, tables ; |c28 cm. |
| 563 | |aCerlox |
| 590 | |a15-13|b2015-03-27 |
| 775 | 08|tProjet Rainy River - rapport d'évaluation environnementale |w(CaOODSP)9.685740 |
| 776 | 0#|tRainy River Project environmental assessment report |w(CaOODSP)9.700159 |